عرض عادي عرض مارك
  • Perspectives on the English language.

مدخل عنوان موحد

عدد التسجيلات المستخدمة في: 2

001 - رقم الضبط

  • حقل الضبط: 4089

003 - معرف رقم الضبط

  • حقل الضبط: OSt

005 - تاريخ ووقت أخر عملية

  • حقل الضبط: 20110907113122.0

008 - عناصر بيانات ثابتة الطول

  • حقل تحكم ثابت الطول: 110907|||a|||||| | ||| d

040 ## - مصدر الفهرسة

  • هيئة الفهرسة الأصلية: OSt
  • وكالة الكتابة: OSt

130 ## - مدخل -- اسم مؤتمر

  • العنوان الموحد: Perspectives on the English language.

670 ## - بيانات المصدر موجوده

  • الاستشهاد بالمصدر: Work cat.: (OSt)0: Horobin, Simon. 4083, Studying the history of early English /, 2010.